<?xml version="1.0" encoding="UTF-8"?>
<record
    xmlns:xsi="http://www.w3.org/2001/XMLSchema-instance"
    xsi:schemaLocation="http://www.loc.gov/MARC21/slim http://www.loc.gov/standards/marcxml/schema/MARC21slim.xsd"
    xmlns="http://www.loc.gov/MARC21/slim">

  <leader>02590nam a22002657a 4500</leader>
  <controlfield tag="003">OSt</controlfield>
  <controlfield tag="005">20251013105613.0</controlfield>
  <controlfield tag="008">251013b        |||||||| |||| 00| 0 spad</controlfield>
  <datafield tag="022" ind1=" " ind2=" ">
    <subfield code="a">2409-1553</subfield>
  </datafield>
  <datafield tag="040" ind1=" " ind2=" ">
    <subfield code="a">CGIP</subfield>
    <subfield code="b">spa</subfield>
    <subfield code="c">CGIP</subfield>
    <subfield code="e">RDA</subfield>
  </datafield>
  <datafield tag="110" ind1=" " ind2=" ">
    <subfield code="a">Instituto Dominicano de Evaluaci&#xF3;n e Investigaci&#xF3;n de la Calidad Educativa (Ideice)</subfield>
  </datafield>
  <datafield tag="245" ind1=" " ind2=" ">
    <subfield code="a">Revista de Investigaci&#xF3;n y Evaluaci&#xF3;n Educativa Vol. 12 N&#xFA;m. 2 (2025): Revie - </subfield>
  </datafield>
  <datafield tag="260" ind1=" " ind2=" ">
    <subfield code="a">Santo Domingo</subfield>
    <subfield code="b">Ideice</subfield>
    <subfield code="c">2025</subfield>
  </datafield>
  <datafield tag="300" ind1=" " ind2=" ">
    <subfield code="a">130 p&#xE1;ginas</subfield>
  </datafield>
  <datafield tag="500" ind1=" " ind2=" ">
    <subfield code="a">Versi&#xF3;n digital 
</subfield>
  </datafield>
  <datafield tag="505" ind1=" " ind2=" ">
    <subfield code="a">CONTENIDO0700. EVALUACI&#xD3;N EDUCATIVA EN TIEMPOS DE CAMBIOEVALUATION IN TIMES OF CHANGEDilcia D. Armesto N&#xFA;&#xF1;ez1101. USO DE LA GAMIFICACI&#xD3;N EN LA REDACCI&#xD3;N DE ART&#xCD;CULOS CIENT&#xCD;FICOS EN ESTUDIANTES DE INGENIER&#xCD;A, M&#xC9;RIDA, YUCAT&#xC1;NGAMIFICATION APPLIED TO SCIENTIFIC ARTICLE WRITING IN ENGINEERING STUDENTS, MERIDA, YUCATANRutilio Nava Mart&#xED;nez   &#x2022;   Augusto David Beltr&#xE1;n Poot3502. LA GESTI&#xD3;N COMO CATALIZADOR PARA LA INTEGRACI&#xD3;N DE TECNOLOGIAS DE LA INFORMACI&#xD3;N Y COMUNICACI&#xD3;N EN LA ENSE&#xD1;ANZAEDUCATIONAL MANAGEMENT AS A CATALYST FOR THE INTEGRATION OF INFORMATION AND COMMUNICATION TECHNOLOGIES IN TEACHINGJuan Antonio Marrero-P&#xE9;rez   &#x2022;   Wilmania A. D&#xED;az P&#xE9;rez   &#x2022;   Deivi Marrero Figuereo5903. LA FORMACI&#xD3;N DE LOS DOCENTES DE EDUCACI&#xD3;N F&#xCD;SICA Y SU DESEMPE&#xD1;O LABORAL EN LOS CENTROS EDUCATIVOSTHE TRAINING OF PHYSICAL EDUCATION TEACHERS AND THEIR JOB PERFORMANCE IN SCHOOLS&#xC1;ngel Luis Dur&#xE1;n7504. INTERACCIONES ENTRE SUSTANCIAS, VIOLENCIA INTRAFAMILIAR, ROLES DE G&#xC9;NERO Y SU IMPACTO EN EL BIENESTAR DE J&#xD3;VENES Y ADULTOSINTERACTIONS BETWEEN SUBSTANCE USE, DOMESTIC VIOLENCE, GENDER ROLES, AND THEIR IMPACT ON THE WELL-BEING OF YOUTH AND ADULTSWanda Marina Rom&#xE1;n-Santana  &#x2022;  Judith Marcela Mart&#xED;nez-Alonzo  &#x2022;  Lamec Fabian  &#x2022;  Doris del Carmen de la Cruz Mena10705. LA PARTICIPACI&#xD3;N COMUNITARIA EN LOS CENTROS EDUCATIVOS: DESAF&#xCD;OS Y OPORTUNIDADES EN CONTEXTO DIVERSOCOMMUNITY PARTICIPATION IN EDUCATIONAL CENTERS: CHALLENGES AND OPPORTUNITIES IN DIVERSE CONTEXTSJuan Jos&#xE9; Mari&#xF1;ez B&#xE1;ez   &#x2022;   Ruddy Medina-Calder&#xF3;n   &#x2022;   Juan Antonio Marrero-P&#xE9;rez
</subfield>
  </datafield>
  <datafield tag="610" ind1=" " ind2=" ">
    <subfield code="a">Instituto Dominicano de Evaluaci&#xF3;n e Investigaci&#xF3;n de la Calidad Educativa (Ideice)</subfield>
    <subfield code="z">Rep&#xFA;blica Dominicana</subfield>
  </datafield>
  <datafield tag="650" ind1=" " ind2=" ">
    <subfield code="a">Evaluaci&#xF3;n Educativa</subfield>
  </datafield>
  <datafield tag="650" ind1=" " ind2=" ">
    <subfield code="a">USO DE LA GAMIFICACI&#xD3;N </subfield>
  </datafield>
  <datafield tag="650" ind1=" " ind2=" ">
    <subfield code="a">GESTI&#xD3;N COMO CATALIZADOR </subfield>
  </datafield>
  <datafield tag="650" ind1=" " ind2=" ">
    <subfield code="a">FORMACI&#xD3;N DE LOS DOCENTES </subfield>
  </datafield>
  <datafield tag="710" ind1=" " ind2=" ">
    <subfield code="a">Centro de Gesti&#xF3;n de la Informaci&#xF3;n y Publicaciones</subfield>
  </datafield>
  <datafield tag="856" ind1=" " ind2=" ">
    <subfield code="u">https://revie.gob.do/index.php/revie/article/view/240</subfield>
  </datafield>
  <datafield tag="942" ind1=" " ind2=" ">
    <subfield code="2">ddc</subfield>
    <subfield code="c">REV</subfield>
    <subfield code="n">0</subfield>
  </datafield>
  <datafield tag="999" ind1=" " ind2=" ">
    <subfield code="c">13464</subfield>
    <subfield code="d">13464</subfield>
  </datafield>
  <datafield tag="952" ind1=" " ind2=" ">
    <subfield code="0">0</subfield>
    <subfield code="1">0</subfield>
    <subfield code="2">ddc</subfield>
    <subfield code="4">0</subfield>
    <subfield code="7">0</subfield>
    <subfield code="a">RI</subfield>
    <subfield code="b">RI</subfield>
    <subfield code="d">2025-10-13</subfield>
    <subfield code="l">0</subfield>
    <subfield code="r">2025-10-13 10:55:58</subfield>
    <subfield code="u">https://revie.gob.do/index.php/revie/article/view/240</subfield>
    <subfield code="w">2025-10-13</subfield>
    <subfield code="y">REV</subfield>
  </datafield>
</record>
